Szczegóły MARC21

Wybrane zagadnienia z ekonometrii /

003 -Nazwa inst., której nr kontr. jest w polu 001 [,]
    • @
    • Nazwa instytucji, której n kontrolny jest w polu 001
    • NUKAT
005 -DATA I CZAS OSTATNIEJ MODYFIKACJI [,]
    • @
    • pole kontrolne
    • 20241231095239.0
020 -Międzynarod. znormalizowany nr książki - ISBN [ , ]
    • a
    • Numer ISBN
    • 8392198662 Find
040 -Instytucja sporządzająca opis [ , ]
    • a
    • Instytucja, która sporządziła opis (NP)
    • KAT U/ES
    • c
    • Instytucja, która sporządziła rekord (NP)
    • KAT U/ES
    • d
    • Instytucja, która zmodyfikowała rekord (P)
    • KAT U/TKs
942 -Rodzaj dokumentu [ , ]
    • c
    • Rodzaj dokumentu
    • Książka
100 -Hasło główne - nazwa osobowa [1, ]
    • a
    • Nazwa osobowa (NP)
    • Czyżycki, Rafał.
    • 9
    • KHW
    • 20717
245 -Strefa tytułu i oznaczenia odpowiedzialności [1,0]
    • a
    • Tytuł
    • Wybrane zagadnienia z ekonometrii / Find
    • c
    • Pozostałe elementy strefy tytułu i oznaczenia odpowiedzialności (NP)
    • Rafał Czyżycki, Marcin Hundert, Rafał Klóska.
250 -Strefa wydania [ , ]
    • a
    • Oznaczenie wydania (NP)
    • Wyd. 2 popr. i uzup.
260 -Strefa adresu wydawniczego [ , ]
    • a
    • Miejsce wydania (P)
    • Szczecin :
    • b
    • Nazwa wydawcy (P)
    • Economicus,
    • c
    • Data wydania (P)
    • 2005.
300 -Strefa opisu fizycznego [ , ]
    • a
    • Określenie formy książki i/lub objętość (NP)
    • 322 s. :
    • b
    • Oznaczenie ilustracji (NP)
    • il. ;
    • c
    • Format (NP)
    • 24 cm.
336 -Typ zawartości [ , ]
    • a
    • Termin opisujący typ zawartości
    • Tekst
    • b
    • Kod określający zawartość
    • txt
    • 2
    • Źródło (terminu i kodu)
    • rdacontent
337 -Typ mediów [ , ]
    • a
    • Tryb odtwarzania
    • Bez urządzenia pośredniczącego
    • b
    • Kod typu mediów
    • n
    • 2
    • Źródło (terminu i kodu)
    • rdamedia
338 -Typ/rodzaj nośnika [ , ]
    • a
    • Hasło opisujące typ nośnika
    • Wolumin
    • b
    • Kod typu nośnika
    • nc
    • 2
    • Źródło (terminu i kodu)
    • rdacarrier
504 -Uwaga dot. bibliogr. załącznikowej [ , ]
    • a
    • Uwaga dot. bibliografii załącznikowej
    • Bibliogr. s. 315-317.
521 -Uwaga dot. przeznaczenia czytelniczego [8, ]
    • a
    • Uwaga dot. przeznaczenia czytelniczego
    • Podręcznik skierowany do studentów wszystkich kierunków studiów wydziałów ekonomicznych uniwersytetów oraz do studentów niektórych kierunków wyższych szkół zawodowych.
080 -Uniwersalna Klasyfikacja Dziesiętna [ , ]
    • 2
    • Identyfikator wydania tablic
    • UDC-P022
    • a
    • Symbol klasyfikacji
    • 330.43
    • b
    • Dopowiedzenie
    • Ekonometria.
    • x
    • Poddział wspólny
    • (075.8)
    • b
    • Dopowiedzenie
    • (Podręczniki dla szkół wyższych. Skrypty).
650 -Hasło przedmiotowe [ ,7]
    • a
    • Hasło przedmiotowe
    • Ekonometria
    • v
    • Określnik formalny
    • podręczniki akademickie.
    • 2
    • Źródło terminu
    • kaba
    • 9
    • KHW
    • 354175
980 -Symbol UKD [ , ]
    • a
    • UKD
    • 330.43(075.8)
700 -Hasło dodatkowe - nazwa osobowa [1, ]
    • a
    • Nazwa osobowa (NP)
    • Hundert, Marcin. Find
    • 9
    • KHW
    • 91234
700 -Hasło dodatkowe - nazwa osobowa [1, ]
    • a
    • Nazwa osobowa (NP)
    • Klóska, Rafał. Find
    • 9
    • KHW
    • 20719
920 -ISBN [ , ]
    • a
    • ISBN
    • 83-921986-6-2 Find
Data inwentaryzacji Lokalizacja Status udost. Uwagi nie widoczne w OPAC Numer inwentarzowy Sygnatura
2016-12-07T-3 TM.13000TM.13000
2006-02-14T-2przepisanyT.8967T.8967
2006-04-06T-6przepisanyT.9035T.9035
2007-02-28T-3 T.9339T.9339
2014-06-02T-3 TM.11123TM.11123
2014-06-02T-3 TM.11124TM.11124
2021-05-06T-3 TM.15203TM.15203
2006-02-14T-6 TM.3825TM.3825
2006-02-14T-3przepisanyTM.3826TM.3826
2006-02-14T-6przepisanyTM.3827TM.3827
2006-05-24T-3 TM.3990TM.3990
2006-05-24T-3przepisanyTM.3991TM.3991
2006-05-24T-6przepisanyTM.3992TM.3992
2006-05-24T-3przepisanyTM.3993TM.3993
2006-05-24T-3przepisanyTM.3994TM.3994
2006-05-30T-3przepisanyTM.4050TM.4050
2006-05-30T-6przepisanyTM.4051TM.4051
2006-05-31T-3przepisanyTM.4104TM.4104
2006-06-29T-6przepisanyTM.4292TM.4292
2007-02-28T-6 TM.4474TM.4474
2007-02-28T-3 TM.4475TM.4475
2007-02-28T-3 TM.4476TM.4476
2007-02-28T-3 TM.4477TM.4477
2007-08-28T-6 TM.4805TM.4805
2007-08-28T-6 TM.4806TM.4806
2007-08-28T-3 TM.4807TM.4807
2007-08-28T-6 TM.4808TM.4808
2008-04-30T-6 TM.5647TM.5647
2008-08-28T-3 TM.5869TM.5869
2009-02-24T-3 TM.6383TM.6383
2009-04-30T-3 TM.6530TM.6530
2009-10-12T-3 TM.6891TM.6891
2009-10-29T-3 TM.6910TM.6910
2010-05-19T-3 TM.7173TM.7173
2010-05-19T-3 TM.7174TM.7174
2010-05-20T-3 TM.7192TM.7192
2010-05-20T-3 TM.7193TM.7193
2011-09-20T-3 TM.8101TM.8101
2012-03-30T-3 TM.8423TM.8423